Top 5 des meilleurs buteurs par sélection nationale - Statistiques

Statistiques générales
  • Ce quiz a été pris 891 fois
  • Le résultat moyen est 25 sur 60
Statistiques - réponses
Hint Réponse % Correct
France 46 Olivier Giroud
97%
France 51 Thierry Henry
96%
Portugal 109 Cristiano Ronaldo
95%
Brésil 62 Ronaldo
94%
Argentine 76 Lionel Messi
90%
Brésil 77 Pelé
90%
Brésil 68 Neymar
88%
France 38 Antoine Griezmann
85%
Allemagne 68 Gerd Müller
85%
Uruguay 64 Luis Suàrez
80%
France 41 Michel Platini
79%
Uruguay 53 Edinson Cavani
77%
Belgique 61 Romelu Lukaku
77%
Belgique 32 Eden Hazard
70%
Espagne 59 David Villa
67%
Argentine 34 Diego Maradona
65%
Allemagne 71 Miroslav Klose
65%
France 34 David Trezeguet
62%
Espagne 38 Fernando Torres
61%
Angleterre 53 Wayne Rooney
61%
Pays-Bas 50 Robin van Persie
57%
Portugal 41 Eusébio
55%
Italie 27 Alessandro Del Piero
51%
Pays-Bas 37 Arjen Robben
49%
Uruguay 36 Diego Forlàn
49%
Italie 35 Luigi Riva
48%
Portugal 32 Luís Figo
46%
Argentine 41 Sergio Agüero
44%
Espagne 44 Raúl
40%
Brésil 55 Romário
36%
Italie 27 Roberto Baggio
35%
Argentine 54 Gabriel Batistuta
34%
Portugal 47 Pauleta
31%
Angleterre 40 Michael Owen
30%
Angleterre 49 Bobby Charlton
27%
Argentine 35 Hernan Crespo
24%
Espagne 35 David Silva
21%
Brésil 48 Zico
21%
Angleterre 48 Gary Lineker
20%
Pays-Bas 40 Patrick Kluivert
18%
Pays-Bas 37 Dennis Bergkamp
16%
Pays-Bas 42 Klaas-Jan Huntelaar
15%
Allemagne 49 Lukas Podolski
15%
République tchèque 55 Jan Koller
12%
Italie 33 Giuseppe Meazza
11%
Portugal 29 Nuno Gomes
11%
Allemagne 47 Rudi Völler
10%
République tchèque 41 Milan Baroš
9%
Allemagne 47 Jurgen Klinsmann
8%
République tchèque 23 Tomáš Rosický
6%
Espagne 29 Fernando Hierro
5%
Belgique 29 Marc Wilmots
4%
Italie 30 Silvio Piola
2%
République tchèque 27 Vladimír Šmicer
2%
Angleterre 44 Jimmy Greaves
1%
Belgique 30 Paul Van Himst
1%
Uruguay 28 Ángel Romano
0%
Belgique 30 Bernard Voorhoof
0%
Uruguay 31 Hector Scarone
0%
République tchèque 22 Pavel Kuka
0%
Aucun quiz correspondant
Distribution des résultats
% des personnes avec chaque résultat
Percentile par nombre de réponses
Votre historique - résultats
Vous n’avez pas pris ce quiz